| 000 | 00645nam a2200181 a 4500 | ||
|---|---|---|---|
| 008 | 110901s2002 ||||||||||||||||| || u | ||
| 020 | _a0805366245 | ||
| 050 | _aQH 308.2 Cam | ||
| 100 | _aCampbell, Neil A | ||
| 245 | 1 | 0 |
_aBiology. (6th ed.) _cNeil A. Campbell; Jane B. Reece |
| 250 | _a6th ed. | ||
| 260 |
_aSan Fracisco: _bBenjamin Cummings _c2002 |
||
| 300 | _axxix, 1247p.: ill. | ||
| 350 | _a0.00 | ||
| 650 | 0 | _aBIOLOGY | |
| 700 | _aReece, Jane B | ||
| 995 |
_aMEDICAL LIBRARY OPEN ACCESS _D0.00 _e900888 _FCBU-SCHOOL OF MEDICINE LIBRARY (Ndola) _H1 _I0.00 _jQH 308.2 Cam _M1 _UOUT _WOct 27, 2011 _y900888 _ZMedical Library Open Access Collection |
||
| 999 |
_c30870 _d30870 |
||